| 000 | 00484nam a2200169Ia 4500 | ||
|---|---|---|---|
| 003 | GCL | ||
| 008 | 140319s9999 xx 000 0 eng d | ||
| 040 |
_aGCL / _cGCL |
||
| 082 | 0 | 4 |
_a658.8 _bA S |
| 100 | 1 | _aدولسكى ، بوكدان سيشو | |
| 245 | 1 | 0 |
_aSTRATEGIC MARKET MANAGEMENT / _cدولسكى ، بوكدان سيشو |
| 260 |
_a[S.N] : _bJOHN WILEY AND SONS. INC |
||
| 650 | 0 | 4 | _aMANAGEMENT |
| 650 | 0 | 4 | _aMARKETING |
| 650 | 0 | 4 | _aMANAGAMENT- RESEARCH |
| 942 |
_2ddc _cBK |
||
| 999 |
_c13735 _d13735 |
||